The Pewter Collector (Record no. 4253)

MARC details
000 -CABECERA
campo de control de longitud fija 00804nam a2200229 a 4500
001 - NÚMERO DE CONTROL
campo de control BRCA_4547
005 - FECHA Y HORA DE LA ÚLTIMA TRANSACCIÓN
campo de control 20190320204719.0
008 - DATOS DE LONGITUD FIJA--INFORMACIÓN GENERAL
campo de control de longitud fija 220910c1921----enka######---#000-0#eng-#
041 ## - CÓDIGO DE LENGUA
Código de lengua del texto/banda sonora o título independiente eng
044 ## - CÓDIGO DEL PAÍS DE LA ENTIDAD EDITORA/PRODUCTORA
Código MARC del país enk
050 #4 - SIGNATURA TOPOGRÁFICA DE LA BIBLIOTECA DEL CONGRESO
Número de clasificación NK8404
Número de documento/Ítem .M37 1921
100 1# - ENTRADA PRINCIPAL--NOMBRE DE PERSONA
Nombre de persona Masse M. A., H. J. L. J.
Forma completa/desarrollada del nombre Henri Jean Louis Joseph
9 (RLIN) 11516
245 10 - MENCIÓN DE TÍTULO
Título The Pewter Collector
Resto del título A Guide to English Pewter with some reference to foreign work
Mención de responsabilidad, etc. by H. J. L. J. Massé M. A.
260 ## - PUBLICACIÓN, DISTRIBUCIÓN, ETC.
Lugar de publicación, distribución, etc. Londres
Nombre del editor, distribuidor, etc. Herbert Jenkins
Fecha de publicación, distribución, etc. 1921
300 ## - DESCRIPCIÓN FÍSICA
Extensión xiii, 314 p.
Otras características físicas il.
Dimensiones 19 cm.
440 #0 - MENCIÓN DE SERIE/PUNTO DE ACCESO ADICIONAL--TÍTULO
Título The collectors series
9 (RLIN) 11517
500 ## - NOTA GENERAL
Nota general Incluye índice de ilustraciones y glosario e índice alfabético de artistas del peltre y marcas
500 ## - NOTA GENERAL
Nota general D20
650 14 - PUNTO DE ACCESO ADICIONAL DE MATERIA--TÉRMINO DE MATERIA
Término de materia o nombre geográfico como elemento de entrada Peltre
Subdivisión general Coleccionistas y colecciones
9 (RLIN) 11518
902 ## - CATALOGADOR
Iniciales GFM
942 ## - ELEMENTOS DE PUNTO DE ACCESO ADICIONAL (KOHA)
Fuente del sistema de clasificación o colocación Library of Congress Classification
Tipo de ítem Koha Libros
Holdings
Estado de retiro Estado de pérdida Estado dañado No para préstamo Localización permanente Ubicación/localización actual Fecha de adquisición Número de inventario Total de préstamos Signatura topográfica completa Código de barras Fecha visto por última vez Precio válido a partir de Tipo de ítem Koha
El ejemplar forma parte de la colección y puede ser consultado según las políticas vigentes.       Biblioteca del Museo Franz Mayer (Rogerio Casas-Alatriste) Biblioteca del Museo Franz Mayer (Rogerio Casas-Alatriste) 22/09/2010 D20   NK8404 .M37 1921 (D20) 4545 22/03/2019 22/03/2019 Libros